Medication ustneatment on diarrhea of suckling piglet at Cambodia-china breeding pig demonstration farm, ការប្រើប្រាស់ឱសថលើជំងឺរាកកូនជ្រូកកំឡុងពេលផ្ដាច់ដោះនៅស្ថានីយចិញ្ចឹមជ្រូកពូជ បង្ហាញ កម្ពុជា-ចិន (Record no. 2618)
[ view plain ]
| 000 -LEADER | |
|---|---|
| fixed length control field | 00747nam a22001577a 4500 |
| 003 - CONTROL NUMBER IDENTIFIER | |
| control field | OSt |
| 005 - DATE AND TIME OF LATEST TRANSACTION | |
| control field | 20151024144506.0 |
| 008 - FIXED-LENGTH DATA ELEMENTS--GENERAL INFORMATION | |
| fixed length control field | 151024b xxu||||| |||| 00| 0 eng d |
| 040 ## - CATALOGING SOURCE | |
| Transcribing agency | RUA |
| 082 ## - DEWEY DECIMAL CLASSIFICATION NUMBER | |
| Classification number | AVM CHH 2012 B102 Or.1 |
| 100 ## - MAIN ENTRY--PERSONAL NAME | |
| 9 (RLIN) | 2798 |
| Personal name | CHHIV, BRORNET. |
| 245 ## - TITLE STATEMENT | |
| Title | Medication ustneatment on diarrhea of suckling piglet at Cambodia-china breeding pig demonstration farm, ការប្រើប្រាស់ឱសថលើជំងឺរាកកូនជ្រូកកំឡុងពេលផ្ដាច់ដោះនៅស្ថានីយចិញ្ចឹមជ្រូកពូជ បង្ហាញ កម្ពុជា-ចិន |
| 260 ## - PUBLICATION, DISTRIBUTION, ETC. (IMPRINT) | |
| Place of publication, distribution, etc. | Phnom Penh |
| Name of publisher, distributor, etc. | RUA |
| Date of publication, distribution, etc. | 2012 |
| 300 ## - PHYSICAL DESCRIPTION | |
| Extent | vii; 33p. |
| Other physical details | ill. |
| Dimensions | 29cm. |
| 942 ## - ADDED ENTRY ELEMENTS (KOHA) | |
| Source of classification or shelving scheme | |
| Koha item type | ATM.s |
| Price effective from | Date last seen | Permanent Location | Not for loan | Date acquired | Source of classification or shelving scheme | Koha item type | Lost status | Withdrawn status | Date last checked out | Total Checkouts | Shelving location | Damaged status | Barcode | Current Location | Full call number |
|---|---|---|---|---|---|---|---|---|---|---|---|---|---|---|---|
| 2015-10-24 | 2016-06-20 | Library Block B | 2015-10-24 | ATM.s | 2016-05-31 | 1 | B102 | RUA018009 | Library Block B | AVM CHH 2012 B102 Or.1 | |||||
| 2015-10-24 | 2016-09-06 | Library Block B | 2015-10-24 | ATM.s | 2016-08-12 | 2 | B102 | RUA019085 | Library Block B | AVM CHH 2012 B102 Or.2 | |||||
| 2015-10-24 | 2021-03-03 | Library Block B | 2015-10-24 | ATM.s | 2021-02-19 | 6 | B102 | RUA019357 | Library Block B | AVM CHH 2012 B102 Or.3 | |||||
| 2015-10-24 | 2015-10-24 | Library Block B | 2015-10-24 | ATM.s | B102 | RUA020031 | Library Block B | AVM CHH 2012 B102 Or.4 | |||||||
| 2015-10-24 | 2015-10-24 | Library Block B | 2015-10-24 | ATM.s | B102 | RUA015047 | Library Block B | AVM CHH 2012 B102 Or.5 |